Noms de plume et vrais noms d'écrivains - Statistiques

Statistiques générales
  • Ce quiz a été pris 18 fois
  • Le résultat moyen est 5 sur 12
Statistiques - réponses
Questions Réponses % Correct
Le nom de plume de l'auteur dramatique Molière cachait en réalité : Jean-Baptiste Poquelin
94%
Quel célèbre écrivain français du XIXe siècle, auteur de 'Le Rouge et le Noir', s'appelait en fait Henri Beyle ? Stendhal
83%
Quel est le véritable nom du poète et philosophe français Voltaire ? François-Marie Arouet
78%
Quel écrivain est le seul à avoir remporté le prix Goncourt deux fois, grâce au pseudonyme d'Émile Ajar ? Romain Gary
67%
La célèbre femme de lettres française George Sand s'appelait en réalité : Aurore Dupin
50%
Le célèbre auteur de bandes dessinées et écrivain belge Hergé (le créateur de Tintin) tirait son pseudonyme de : Georges Rémi
50%
Sous quel pseudonyme l'auteur Eric Arthur Blair a-t-il écrit ses chefs-d'œuvre ? George Orwell
22%
L'écrivain de science-fiction Richard Bachman est le pseudonyme d'un auteur extrêmement célèbre. Lequel ? Stephen King
22%
Les sœurs Brontë (Charlotte, Emily et Anne) ont publié leurs premiers poèmes sous des pseudonymes masculins. Quels étaient leurs noms de famille d'emprunt ? Bell
6%
Quel était le véritable nom de la célèbre autrice de romans policiers de l'époque victorienne, connue sous le pseudonyme de George Eliot ? Mary Ann Evans
6%
Derrière le pseudonyme de J.K. Rowling, l'autrice de Harry Potter a également publié des romans policiers sous un autre nom de plume. Lequel ? Robert Galbraith
6%
Quel était le véritable nom de l'auteur américain Mark Twain ? Samuel Langhorne Clemens
6%
Aucun quiz correspondant
Distribution des résultats
% des personnes avec chaque résultat
Percentile par nombre de réponses
Votre historique - résultats
Vous n’avez pas pris ce quiz